Figuras, sentencia, revisión y reclamación, queja, ejecución, jurisprudencia y proyecto de nueva ley de amparo /

Guardat en:
Dades bibliogràfiques
Altres autors: García Hinojos, Segundo (compilación) (compilación), Maillard Canudas, César (compilación) (compilación)
Format: Llibre
Idioma:espanyol
Publicat: México : IURE, 2005, c2005
Col·lecció:(Grandes Temas de Amparo Laboral en el Nuevo Milenio ; 2)
Matèries:
Etiquetes: Afegir etiqueta
Sense etiquetes, Sigues el primer a etiquetar aquest registre!

MARC

LEADER 00000nam^a2200000^a^4500
001 000181114
005 20250521000000.0
009 20260310101922.409
020 |a 968-5409-78-1 
020 |a 968-5409-76-5 
037 |a Acervo ITESO - Biblioteca 
041 |a ESP 
082 |a 344. 7201  |b GRA V. 2 
240 1 1 |a [Grandes temas de amparo laboral en el nuevo milenio] 
245 0 0 |a Figuras, sentencia, revisión y reclamación, queja, ejecución, jurisprudencia y proyecto de nueva ley de amparo /  |c Comp. de S. García Hinojos, C. Maillard Canudas. 
264 4 |a México :  |b IURE,  |c 2005, c2005 
300 |a VII, 240-422 p. 
336 |a texto  |b txt  |2 rdacontenido 
337 |a sin mediación  |b n  |2 rdamedio 
338 |a volumen  |b nc  |2 rdasoporte 
440 1 |a (Grandes Temas de Amparo Laboral en el Nuevo Milenio ;  |v 2) 
649 |a XX 
650 |a Derecho Laboral -  |z México 
650 |a Amparo -  |z México 
650 |a Derecho Procesal Constitucional -  |z México 
650 |a Derecho Constitucional -  |z México 
650 |a Jurisprudencia -  |z México 
650 |a Derecho Social -  |z México 
650 |a Derecho Público -  |z México 
700 |a García Hinojos, Segundo  |e (compilación) 
700 |a Maillard Canudas, César  |e (compilación) 
910 |a Fondo General 
920 |a Impresos - Libros 
930 |a Colección General 
905 |a 101 
901 |a 0500120954  |b IT1  |c ACC  |u 20250521 
902 |a https://opac.biblio.iteso.mx/vufind/Record/000181114